[Event "Alexandria op 22nd"]
[Site "Alexandria"]
[Date "2017.08.04"]
[Round "3"]
[White "Naby, Saiid A"]
[Black "Yaser, Kareim"]
[Result "1-0"]
[WhiteElo "2257"]
[BlackElo "2139"]
[PlyCount "96"]
[EventDate "2017.08.02"]
[EventType "swiss"]
[EventRounds "10"]
[EventCountry "EGY"]
[SourceTitle "CBM 180 Extra"]
[Source "ChessBase"]
[SourceDate "2017.10.06"]
[SourceVersion "1"]
[SourceVersionDate "2017.10.06"]
[SourceQuality "1"]

1. e4 c5 2. Nf3 d6 3. d4 cxd4 4. Nxd4 Nf6 5. f3 e5 6. Nb3 d5 7. Nc3 Bb4 8. exd5 Nxd5 9. Bd2 Nxc3 10. bxc3 Be7 11. Bd3 0-0 12. 0-0 Be6 13. Qe1 Nd7 14. Rd1 Qc7 15. f4 Rac8 16. Qg3 Bf6 17. Kh1 Rfe8 18. Qf3 b6 19. f5 Bc4 20. Qe4 Red8 21. Be3 Nb8 22. h4 Bd5 23. Qg4 Qb7 24. c4 h5 25. Qe2 Bc6 26. c5 Bxh4 27. Kg1 Bf6 28. Qxh5 Bxg2 29. Rf2 Be4 30. cxb6 axb6 31. Rh2 Kf8 32. Qg4 Na6 33. Bxe4 Rxd1+ 34. Kf2 Rxc2+ 35. Bxc2 Rh1 36. Qh3 Rxh2+ 37. Qxh2 Nb4 38. Bb1 Qa7 39. Qh8+ Ke7 40. Qb8 Nd5 41. Nd2 Bh4+ 42. Kf3 Nxe3 43. Qxe5+ Kf8 44. Qxe3 Qa8+ 45. Ne4 Qd5 46. Kf4 g5+ 47. fxg6 fxg6 48. Qd3 g5+ 1-0

[Event "EGY-chT"]
[Site "Egypt"]
[Date "2016.05.13"]
[Round "9.1"]
[White "Naby, Saiid A"]
[Black "Kamel, Mahmoud"]
[Result "1-0"]
[WhiteElo "2261"]
[BlackElo "2221"]
[PlyCount "120"]
[EventDate "2016.05.05"]
[EventType "team-tourn"]
[EventRounds "9"]
[EventCountry "EGY"]
[SourceTitle "CBM 172 Extra"]
[Source "ChessBase"]
[SourceDate "2016.06.21"]
[SourceVersion "1"]
[SourceVersionDate "2016.06.21"]
[SourceQuality "1"]
[WhiteTeam "El Rwad"]
[BlackTeam "Hawamdia"]
[WhiteTeamCountry "EGY"]
[BlackTeamCountry "EGY"]

1. e4 c5 2. Nf3 d6 3. d4 cxd4 4. Qxd4 a6 5. c4 Nf6 6. Nc3 Nc6 7. Qd2 Bg4 8. Be2 Bxf3 9. Bxf3 g6 10. 0-0 Bg7 11. Rb1 0-0 12. b3 Rb8 13. Bb2 b5 14. cxb5 axb5 15. Rbc1 Qa5 16. Rfd1 Rfc8 17. g3 h5 18. h3 Kh7 19. Qe2 Ne5 20. Bg2 b4 21. Na4 Rxc1 22. Rxc1 h4 23. f4 Ned7 24. g4 e5 25. f5 d5 26. g5 Nh5 27. f6 Ndxf6 28. gxf6 Bxf6 29. exd5 Nf4 30. Qc4 Qd8 31. Rc2 Bg7 32. Bc1 Qg5 33. Bxf4 exf4 34. Qe4 f5 35. Qe2 Bd4+ 36. Kh1 Qg3 37. Rc1 Kh6 38. Qf3 Qg5 39. Rd1 Be3 40. d6 Qf6 41. d7 Rd8 42. Qc6 Qe5 43. Qd5 Qf6 44. Qd6 Qg5 45. Rf1 f3 46. Rxf3 Ba7 47. Qf4 Rxd7 48. Qxg5+ Kxg5 49. Nb2 Bc5 50. Rd3 Re7 51. Bf1 Re1 52. Rd1 Re8 53. Nd3 Bf8 54. Rc1 Ra8 55. Rc2 Ra7 56. Kg2 Be7 57. Kf3 Kh6 58. Rc6 Kh7 59. Nf4 g5 60. Nd5 g4+ 1-0

[Event "EGY-chT"]
[Site "Egypt"]
[Date "2016.05.12"]
[Round "8.2"]
[White "Labib, Ibrahim Hasan"]
[Black "Naby, Saiid A"]
[Result "1-0"]
[WhiteElo "2418"]
[BlackElo "2261"]
[PlyCount "93"]
[EventDate "2016.05.05"]
[EventType "team-tourn"]
[EventRounds "9"]
[EventCountry "EGY"]
[SourceTitle "CBM 172 Extra"]
[Source "ChessBase"]
[SourceDate "2016.06.21"]
[SourceVersion "1"]
[SourceVersionDate "2016.06.21"]
[SourceQuality "1"]
[WhiteTeam "Elhawar"]
[BlackTeam "El Rwad"]
[WhiteTeamCountry "EGY"]
[BlackTeamCountry "EGY"]

1. Nf3 Nf6 2. c4 e6 3. Nc3 b6 4. g3 Bb7 5. Bg2 Be7 6. 0-0 0-0 7. Re1 d5 8. cxd5 Nxd5 9. e4 Nf6 10. d4 Na6 11. Ne5 Nd7 12. Nc4 Re8 13. Bf4 Bf8 14. Qa4 c5 15. Rad1 cxd4 16. Rxd4 Nac5 17. Qd1 Qc8 18. e5 Bxg2 19. Kxg2 a5 20. Qf3 Qa6 21. Red1 Ra7 22. h4 b5 23. Nd6 Bxd6 24. Rxd6 Qb7 25. h5 h6 26. g4 b4 27. Ne2 f6 28. Qxb7 Rxb7 29. exf6 Nxf6 30. f3 e5 31. Bxh6 Ne6 32. Be3 e4 33. Nd4 Nc5 34. Nf5 Nd3 35. R6xd3 exd3 36. Rxd3 Rd7 37. Rxd7 Nxd7 38. Bd4 a4 39. Kf2 Ne5 40. Nxg7 Nd3+ 41. Kg3 Rd8 42. Nf5 Nc1 43. Bf6 Rd7 44. g5 Nxa2 45. g6 Nc1 46. Ne7+ Rxe7 47. Bxe7 1-0

[Event "Cairo Masters op"]
[Site "Cairo"]
[Date "2014.02.26"]
[Round "8"]
[White "Ezat, Mohamed Mahmoud"]
[Black "Naby, Saiid A"]
[Result "1-0"]
[WhiteElo "2442"]
[BlackElo "2340"]
[PlyCount "71"]
[EventDate "2014.02.20"]
[EventType "swiss"]
[EventRounds "9"]
[EventCountry "EGY"]
[SourceTitle "EXT 2015"]
[Source "ChessBase"]
[SourceDate "2014.11.20"]
[SourceVersion "1"]
[SourceVersionDate "2014.11.20"]
[SourceQuality "1"]

1. d4 Nf6 2. c4 e6 3. Nf3 b6 4. a3 Bb7 5. Nc3 Be7 6. d5 0-0 7. e4 exd5 8. cxd5 d6 9. Bd3 Nbd7 10. 0-0 Ne5 11. Bc2 c6 12. dxc6 Bxc6 13. Nd4 Bb7 14. Nf5 Rc8 15. Re1 a6 16. Bg5 b5 17. Bb3 Rc7 18. Qd4 Nc6 19. Qd2 Ne8 20. Nxe7+ Nxe7 21. e5 d5 22. Nxd5 Bxd5 23. Bxe7 Rxe7 24. Qxd5 Qxd5 25. Bxd5 Nc7 26. Be4 Kh8 27. f4 g5 28. g3 gxf4 29. gxf4 f6 30. Bg2 fxe5 31. Rxe5 Rd7 32. Rf1 Ne8 33. Bc6 Rg7+ 34. Rg5 Nd6 35. Rxg7 Kxg7 36. Rd1 1-0

[Event "Cairo Masters op"]
[Site "Cairo"]
[Date "2014.02.24"]
[Round "6"]
[White "Naby, Saiid A"]
[Black "Farahat, Ali"]
[Result "1/2-1/2"]
[WhiteElo "2340"]
[BlackElo "2363"]
[PlyCount "62"]
[EventDate "2014.02.20"]
[EventType "swiss"]
[EventRounds "9"]
[EventCountry "EGY"]
[SourceTitle "EXT 2015"]
[Source "ChessBase"]
[SourceDate "2014.11.20"]
[SourceVersion "1"]
[SourceVersionDate "2014.11.20"]
[SourceQuality "1"]

1. e4 c5 2. Nc3 Nc6 3. g3 g6 4. Bg2 Bg7 5. d3 e6 6. Nge2 Nge7 7. 0-0 d6 8. Rb1 Rb8 9. Be3 Nd4 10. f4 0-0 11. a3 Bd7 12. g4 f5 13. gxf5 exf5 14. Ng3 b5 15. Nce2 b4 16. axb4 Rxb4 17. c3 Nxe2+ 18. Qxe2 Rb8 19. b4 cxb4 20. cxb4 a6 21. exf5 Nxf5 22. Nxf5 Bxf5 23. Qa2+ Kh8 24. Qxa6 Qd7 25. Rfd1 Rfe8 26. Bf2 Bh3 27. Qc6 Qf5 28. Qd5 Qd7 29. Re1 Rf8 30. Bg3 Bxg2 31. Kxg2 Rb5 1/2-1/2

[Event "Cairo Masters op"]
[Site "Cairo"]
[Date "2014.02.21"]
[Round "2"]
[White "Kamel, Nabil"]
[Black "Naby, Saiid A"]
[Result "1/2-1/2"]
[WhiteElo "2088"]
[BlackElo "2340"]
[PlyCount "145"]
[EventDate "2014.02.20"]
[EventType "swiss"]
[EventRounds "9"]
[EventCountry "EGY"]
[SourceTitle "EXT 2015"]
[Source "ChessBase"]
[SourceDate "2014.11.20"]
[SourceVersion "1"]
[SourceVersionDate "2014.11.20"]
[SourceQuality "1"]

1. c4 Nf6 2. Nc3 e5 3. g3 d5 4. cxd5 Nxd5 5. Bg2 Nb6 6. Nf3 Nc6 7. 0-0 Be7 8. d3 0-0 9. a3 Be6 10. b4 f6 11. Be3 a5 12. b5 Nd4 13. Bxd4 exd4 14. Na4 Qd7 15. Nxb6 cxb6 16. Qa4 Bc5 17. Nd2 f5 18. Rfc1 Qf7 19. Rab1 Rae8 20. Nf3 Qf6 21. Nd2 Bf7 22. Re1 Re7 23. Nb3 Qd6 24. Nxc5 Qxc5 25. Rbc1 Qd6 26. Rc2 g5 27. Rec1 Kg7 28. Bf3 g4 29. Bg2 Rfe8 30. Bf1 Be6 31. e3 dxe3 32. fxe3 Bd7 33. Qf4 Qxf4 34. exf4 Bxb5 35. Rb2 Bc6 36. Rxb6 Re1 37. Rbb1 Rxc1 38. Rxc1 Kf6 39. Kf2 Re6 40. d4 Be4 41. Rc7 Rb6 42. Rxh7 Rb2+ 43. Ke1 a4 44. Bc4 b5 45. Bg8 Rb3 46. d5 Rxa3 47. Rb7 Ra1+ 48. Kd2 a3 49. Rb6+ Ke7 50. d6+ Kd7 51. Rxb5 Kxd6 52. Ra5 Kc6 53. Kc3 Kb6 54. Ra4 Kb5 55. Bb3 Rc1+ 56. Kd2 Rb1 57. Kc3 Rxb3+ 58. Kxb3 Bc2+ 59. Kxc2 Kxa4 60. Kc3 a2 61. Kb2 Kb4 62. Kxa2 Kc3 63. Ka3 Kd3 64. Kb4 Ke3 65. Kc4 Kf3 66. Kd4 Kg2 67. Ke5 Kxh2 68. Kxf5 Kxg3 69. Ke4 Kh3 70. f5 g3 71. f6 g2 72. f7 g1Q 73. f8Q 1/2-1/2

[Event "Cairo Egyptian op"]
[Site "Cairo"]
[Date "2012.11.12"]
[Round "1"]
[White "Naby, Saiid A"]
[Black "Hegazy, Elhassan"]
[Result "1-0"]
[WhiteElo "2296"]
[BlackElo "2031"]
[PlyCount "75"]
[EventDate "2012.11.12"]
[EventType "swiss"]
[EventRounds "9"]
[EventCountry "EGY"]
[SourceTitle "EXT 2014"]
[Source "ChessBase"]
[SourceDate "2013.11.20"]
[SourceVersion "1"]
[SourceVersionDate "2013.11.20"]
[SourceQuality "1"]

1. e4 d6 2. d4 Nf6 3. Nc3 g6 4. Be2 Bg7 5. g4 Nc6 6. Be3 e5 7. d5 Ne7 8. h4 h5 9. g5 Nd7 10. Nf3 Nb6 11. a4 Bg4 12. Nd2 Bxe2 13. Qxe2 c6 14. a5 Nd7 15. Nc4 Qc7 16. Qd3 Nc8 17. a6 b5 18. Na5 b4 19. dxc6 Nc5 20. Bxc5 bxc3 21. Bb4 cxb2 22. Rb1 0-0 23. Rxb2 Re8 24. 0-0 Rb8 25. c3 Rb6 26. Rd2 Bf8 27. Qc4 Re6 28. Rd3 Ne7 29. f4 exf4 30. Rxf4 Nxc6 31. Rdf3 Re7 32. Nxc6 Rxc6 33. Qd5 Bg7 34. Rxf7 Rxf7 35. Rxf7 Qxf7 36. Qxc6 Be5 37. Bxd6 Bxd6 38. Qxd6 1-0

[Event "Cairo op"]
[Site "Cairo"]
[Date "2011.08.03"]
[Round "9"]
[White "Naby, Saiid A"]
[Black "Labib, Ibrahim Hasan"]
[Result "1-0"]
[WhiteElo "2350"]
[BlackElo "2401"]
[PlyCount "120"]
[EventDate "2011.07.28"]
[EventType "swiss"]
[EventRounds "9"]
[EventCountry "EGY"]
[SourceTitle "EXT 2012"]
[Source "ChessBase"]
[SourceDate "2011.11.24"]
[SourceVersion "1"]
[SourceVersionDate "2011.11.24"]
[SourceQuality "1"]

1. e4 c6 2. d4 d5 3. e5 Bf5 4. Nf3 e6 5. Be2 Nd7 6. 0-0 Bg6 7. Nbd2 Nh6 8. c4 Nf5 9. cxd5 cxd5 10. Nb3 Be7 11. g4 Nh6 12. h3 0-0 13. Be3 Kh8 14. Qd2 Ng8 15. Rac1 f6 16. exf6 Ngxf6 17. Bf4 Ne4 18. Qe3 Rf7 19. Ne5 Nxe5 20. Bxe5 Bh4 21. f3 Bg5 22. f4 Bh4 23. Nc5 Qb6 24. b3 Ng3 25. Rf3 Nxe2+ 26. Qxe2 Bf6 27. Rf2 Bh4 28. Rff1 Bf6 29. Qe3 Bxe5 30. Qxe5 Be4 31. Qxe6 Qxe6 32. Nxe6 h6 33. f5 g6 34. fxg6 Bxg6 35. Nf4 Be4 36. Rf2 a5 37. a3 a4 38. b4 Raf8 39. Rcf1 Rc8 40. Ne6 Rxf2 41. Rxf2 Rc3 42. Kh2 Rxa3 43. Rf8+ Kh7 44. Rb8 Ra1 45. Rxb7+ Kg6 46. Kg3 a3 47. Ra7 a2 48. Kh4 Kf6 49. Nf4 Bc2 50. Nxd5+ Ke6 51. Nc3 Bb3 52. Ra6+ Kf7 53. b5 Bc4 54. Ra4 Rh1 55. Nxa2 Bxb5 56. Ra3 Ra1 57. Rf3+ Kg6 58. Nc3 Ra3 59. Kg3 Bd7 60. Nd5 Ra1 1-0

[Event "Mahalla op 13th"]
[Site "Mahalla"]
[Date "2011.07.09"]
[Round "6"]
[White "Darwish, Mahmoud Hamdy"]
[Black "Naby, Saiid A"]
[Result "1-0"]
[WhiteElo "2114"]
[BlackElo "2350"]
[PlyCount "136"]
[EventDate "2011.07.04"]
[EventType "swiss"]
[EventRounds "9"]
[EventCountry "EGY"]
[SourceTitle "CBM 143 Extra"]
[Source "ChessBase"]
[SourceDate "2011.08.29"]
[SourceVersion "1"]
[SourceVersionDate "2011.08.29"]
[SourceQuality "1"]

1. d4 Nf6 2. Nf3 c5 3. e3 cxd4 4. exd4 d5 5. Bd3 Nc6 6. h3 g6 7. c3 Bg7 8. Bf4 0-0 9. 0-0 Bf5 10. Bxf5 gxf5 11. Nbd2 Ne4 12. Nb3 e6 13. Nc1 f6 14. Nd3 Re8 15. Bh2 Ne7 16. Nd2 Ng6 17. Re1 Bh6 18. Nf1 b6 19. f3 Nd6 20. Re2 f4 21. Qe1 Qd7 22. h4 Nf5 23. h5 Ngh4 24. Nxf4 e5 25. dxe5 fxe5 26. Rxe5 Rxe5 27. Qxe5 Re8 28. Qf6 Bxf4 29. Bxf4 Re2 30. Ne3 Nxe3 31. Qxh4 Rxg2+ 32. Kh1 Nf5 33. Qh3 Rg7 34. Rg1 Qe6 35. Rxg7+ Kxg7 36. Qh2 Kf7 37. Be5 Qh6 38. Bf4 Qf6 39. Kg1 Qe7 40. Qd2 Qe6 41. Kf2 Ng7 42. Qd3 Kg8 43. h6 Nf5 44. Qd2 Kf7 45. Qd1 Qc6 46. Qd3 Kf6 47. b3 Qc5+ 48. Kg2 Nh4+ 49. Kh3 Ng6 50. Be3 Qc8+ 51. Kg3 Qe6 52. Qd4+ Ke7 53. Qg7+ Kd6 54. Bf4+ Kc6 55. Qxh7 Qe1+ 56. Kg4 Qh4+ 57. Kf5 Nxf4 58. Qg7 Nh5 59. Qg5 Ng3+ 60. Kg6 Qh2 61. h7 Qc2+ 62. Kg7 Nf5+ 63. Kg8 Kd7 64. h8Q Ne7+ 65. Kf7 Nc6 66. Qe8+ Kc7 67. Qf4+ Kb7 68. Qd7+ Ka6 1-0

[Event "Mahalla op 13th"]
[Site "Mahalla"]
[Date "2011.07.05"]
[Round "2"]
[White "Naby, Saiid A"]
[Black "Anwar, Ashraf"]
[Result "1-0"]
[WhiteElo "2350"]
[BlackElo "2127"]
[PlyCount "120"]
[EventDate "2011.07.04"]
[EventType "swiss"]
[EventRounds "9"]
[EventCountry "EGY"]
[SourceTitle "CBM 143 Extra"]
[Source "ChessBase"]
[SourceDate "2011.08.29"]
[SourceVersion "1"]
[SourceVersionDate "2011.08.29"]
[SourceQuality "1"]

1. e4 c5 2. Nf3 d6 3. d4 cxd4 4. Nxd4 Nf6 5. Nc3 a6 6. Bg5 e6 7. f4 Qc7 8. Qf3 b5 9. 0-0-0 b4 10. Nce2 Bb7 11. Bxf6 gxf6 12. Ng3 Nc6 13. Nxc6 Bxc6 14. f5 e5 15. Nh5 Be7 16. Bc4 Ba4 17. Qd3 Qc5 18. Bb3 Bxb3 19. Qxb3 Rc8 20. g4 Rg8 21. h3 Qc4 22. Qa4+ Qc6 23. Qxc6+ Rxc6 24. Rd5 Kd7 25. Kd2 h6 26. Kd3 Rgc8 27. Rc1 Bd8 28. Ng3 Bb6 29. Ne2 h5 30. gxh5 Rh8 31. Rh1 Rxh5 32. c3 bxc3 33. Nxc3 Rc8 34. Kd2 Rg8 35. Kc1 Rg2 36. Rd3 Bd4 37. Nd5 Bxb2+ 38. Kb1 Rh8 39. Rb3 Bd4 40. Rc1 Bc5 41. Rb7+ Kc6 42. Rb6+ Kd7 43. Nxf6+ Kc7 44. Nd5+ Kd7 45. Rb3 Rh2 46. Rcc3 Rh1+ 47. Rc1 R8xh3 48. Rb7+ Kc6 49. Rxf7 Rxc1+ 50. Kxc1 Kb5 51. Rb7+ Kc4 52. Rb3 Rh1+ 53. Kd2 Rf1 54. f6 a5 55. Rc3+ Kb5 56. Ke2 Rf2+ 57. Ke1 Rh2 58. Rf3 Rh8 59. f7 Rf8 60. Ke2 Kc6 1-0

[Event "Mahalla op 11th"]
[Site "Mahalla"]
[Date "2009.02.01"]
[Round "4"]
[White "Aly, Hosam"]
[Black "Naby, Saiid A"]
[Result "0-1"]
[WhiteElo "2139"]
[BlackElo "2289"]
[PlyCount "86"]
[EventDate "2009.01.30"]
[EventType "swiss"]
[EventRounds "9"]
[EventCountry "EGY"]
[SourceTitle "CBM 128 Extra"]
[Source "ChessBase"]
[SourceDate "2009.03.05"]
[SourceVersion "2"]
[SourceVersionDate "2009.03.25"]
[SourceQuality "1"]

1. e4 c5 2. Nf3 e6 3. b4 b6 4. c3 Nf6 5. e5 Nd5 6. a3 Bb7 7. d4 cxd4 8. cxd4 Be7 9. Bd3 Nc6 10. 0-0 f5 11. Bd2 0-0 12. Nc3 Nxc3 13. Bxc3 Rc8 14. Rc1 Nb8 15. Nd2 Qe8 16. Be2 Rc7 17. Bf3 Qc8 18. Qb3 Bxf3 19. Nxf3 Qb7 20. Bd2 Rfc8 21. Rxc7 Rxc7 22. Rc1 Na6 23. Rxc7 Nxc7 24. Qc2 Nd5 25. Ne1 Qa6 26. Bc1 Qb5 27. Nd3 Kf7 28. Nb2 a5 29. bxa5 Qxa5 30. Kf1 Qxa3 31. Nc4 Qa8 32. Qd2 Kf8 33. g3 b5 34. Nd6 Bxd6 35. exd6 Qc6 36. Qb2 Nc3 37. Kg1 Qc4 38. Be3 b4 39. Qa1 Qa2 40. Qf1 Ne2+ 41. Kg2 b3 42. Bc1 b2 43. Qxe2 Qd5+ 0-1

[Event "Assiut op 04th"]
[Site "Assiut"]
[Date "2008.07.24"]
[Round "6"]
[White "Naby, Saiid A"]
[Black "Zayan, Osama"]
[Result "1-0"]
[WhiteElo "2347"]
[BlackElo "2205"]
[PlyCount "58"]
[EventDate "2008.07.19"]
[EventType "swiss"]
[EventRounds "9"]
[EventCountry "EGY"]
[SourceTitle "EXT 2009"]
[Source "ChessBase"]
[SourceDate "2008.11.26"]
[SourceVersion "1"]
[SourceVersionDate "2008.11.26"]
[SourceQuality "1"]

1. e4 e5 2. Nf3 Nc6 3. Bc4 Nf6 4. d3 Bc5 5. 0-0 d6 6. c3 a6 7. a4 0-0 8. b4 Ba7 9. Na3 d5 10. exd5 Nxd5 11. Qe1 Bg4 12. b5 Bxf3 13. bxc6 Nxc3 14. Qxc3 Bd4 15. Qd2 Bxa1 16. Nc2 Bxc6 17. Nxa1 Bxa4 18. Bb2 Re8 19. f4 Bb5 20. Bxb5 axb5 21. Bxe5 Ra7 22. Qc3 Re6 23. Qb3 Rea6 24. Nc2 c5 25. Ne3 h6 26. Nd5 Qd7 27. f5 Rc6 28. h3 b4 29. Qc4 Rc8 1-0

[Event "EGY-ch final"]
[Site "Cairo"]
[Date "2007.12.02"]
[Round "2"]
[White "Ibrahim, Hatim"]
[Black "Naby, Saiid A"]
[Result "1-0"]
[WhiteElo "2280"]
[BlackElo "2334"]
[PlyCount "111"]
[EventDate "2007.12.01"]
[EventType "swiss"]
[EventRounds "9"]
[EventCountry "EGY"]
[SourceTitle "EXT 2019"]
[Source "ChessBase"]
[SourceDate "2018.10.10"]
[SourceVersion "1"]
[SourceVersionDate "2018.10.10"]
[SourceQuality "1"]

1. d4 Nf6 2. c4 e6 3. Nc3 Bb4 4. Qc2 0-0 5. e4 d6 6. a3 Bxc3+ 7. bxc3 e5 8. Bd3 Re8 9. Ne2 c5 10. 0-0 Nc6 11. Bb2 b6 12. f4 Ba6 13. fxe5 dxe5 14. d5 Na5 15. Ng3 Ng4 16. Rf3 Rf8 17. Qe2 Nf6 18. Raf1 Ne8 19. Nf5 f6 20. Bc1 Nd6 21. Rh3 Nxf5 22. exf5 Qe8 23. Qe4 Kf7 24. Rxh7 Rh8 25. Rxh8 Qxh8 26. Rf3 Rd8 27. Rh3 Qg8 28. Rg3 Rd7 29. Bh6 Kf8 30. Qh4 Ke8 31. Qxf6 gxf6 32. Rxg8+ Ke7 33. Rg4 Nb7 34. Rg7+ Ke8 35. Rg8+ Kf7 36. Rf8+ Ke7 37. Bg7 Nd6 38. Rxf6 Nxc4 39. Re6+ Kf7 40. f6 e4 41. Bxe4 Nd6 42. Bf3 Bd3 43. Re5 Nc4 44. Rg5 Nd6 45. Bg4 Rc7 46. Be6+ Ke8 47. Bh6 Bh7 48. Rg7 Rxg7 49. fxg7 Nf7 50. Bf4 Ke7 51. Bb8 Kf6 52. Bxa7 Kxg7 53. Bxb6 c4 54. a4 Ng5 55. Bg4 Be4 56. d6 1-0

[Event "EGY-chT 0708"]
[Site "Egypt"]
[Date "2007.11.09"]
[Round "2"]
[White "Naby, Saiid A"]
[Black "Amin, Ashraf"]
[Result "0-1"]
[WhiteElo "2337"]
[BlackElo "2327"]
[PlyCount "172"]
[EventDate "2007.11.02"]
[EventType "team-tourn"]
[EventRounds "3"]
[EventCountry "EGY"]
[SourceTitle "EXT 2009"]
[Source "ChessBase"]
[SourceDate "2008.11.26"]
[SourceVersion "1"]
[SourceVersionDate "2008.11.26"]
[SourceQuality "1"]
[WhiteTeam "Sharkia Dokhan"]
[BlackTeam "El Shark"]
[WhiteTeamCountry "EGY"]
[BlackTeamCountry "EGY"]

1. e4 c5 2. Nf3 Nc6 3. Bb5 d6 4. 0-0 Nf6 5. Re1 Bd7 6. c3 a6 7. Bf1 Bg4 8. d3 e6 9. Nbd2 Be7 10. h3 Bh5 11. a3 d5 12. g4 Bg6 13. e5 Nd7 14. b4 0-0 15. d4 cxd4 16. cxd4 Rc8 17. Re3 b5 18. Nb3 Nb6 19. Nc5 Bxc5 20. bxc5 Nc4 21. Re1 f6 22. Bg2 Be4 23. Ra2 Bxf3 24. Bxf3 fxe5 25. dxe5 Qe7 26. g5 Qxc5 27. Bg4 Rce8 28. Rc2 a5 29. Kg2 Nd4 30. Ra2 Nf5 31. Qd3 Re7 32. Rc2 g6 33. f4 Rc7 34. Kh2 b4 35. axb4 axb4 36. Rf1 Qb6 37. Re2 b3 38. Qb1 Rb7 39. Bb2 Rbf7 40. Rff2 Nfe3 41. Kg3 Nf5+ 42. Kh2 Kg7 43. Qd3 Ra8 44. Bc3 Ra3 45. Bb2 Ra2 46. Bxf5 Rxf5 47. Bd4 Qd8 48. Rxa2 bxa2 49. Rxa2 Rxf4 50. Ra7+ Kg8 51. Ra2 Qxg5 52. Rg2 Qf5 53. Qd1 Rf3 54. Qa1 Qxh3+ 55. Kg1 Rg3 56. Qa8+ Kg7 57. Qa7+ Kh6 58. Rxg3 Qxg3+ 59. Kf1 Nd2+ 60. Ke2 Ne4 61. Be3+ g5 62. Qb7 Qg2+ 63. Ke1 Qf3 64. Qa7 Kg6 65. Qb6 Qg3+ 66. Kd1 Qxe5 67. Bd4 Qd6 68. Qb5 e5 69. Qe8+ Kf5 70. Qc8+ Qe6 71. Qf8+ Nf6 72. Bc5 d4 73. Be7 e4 74. Bxf6 Qxf6 75. Qc8+ Kf4 76. Qc7+ Kg4 77. Qxh7 Qf1+ 78. Kc2 e3 79. Qe4+ Qf4 80. Qg2+ Kf5 81. Qd5+ Qe5 82. Qf3+ Kg6 83. Qc6+ Qf6 84. Qe8+ Kh6 85. Qb8 Qf5+ 86. Kb2 Qf2+ 0-1

[Event "Tanta op 6th"]
[Site "Tanta"]
[Date "2003.12.11"]
[Round "5"]
[White "Hamad, Ahmad"]
[Black "Naby, Saiid A"]
[Result "1/2-1/2"]
[WhiteElo "2241"]
[BlackElo "2331"]
[PlyCount "147"]
[EventDate "2003.12.07"]
[EventType "swiss"]
[EventRounds "9"]
[EventCountry "EGY"]
[SourceTitle "CBM 097 Extra"]
[Source "ChessBase"]
[SourceDate "2004.01.13"]
[SourceVersion "1"]
[SourceVersionDate "2004.01.13"]
[SourceQuality "1"]

1. e3 e5 2. Nf3 e4 3. Nd4 c5 4. Ne2 d5 5. d3 exd3 6. Qxd3 Nf6 7. c4 Nc6 8. cxd5 Nxd5 9. Nec3 Be6 10. Nxd5 Bxd5 11. Nc3 Nb4 12. Qb1 Bc6 13. a3 Nd5 14. Qe4+ Be7 15. Nxd5 Bxd5 16. Qa4+ Kf8 17. e4 Be6 18. Be3 a6 19. Rd1 Qc8 20. Be2 b5 21. Qc2 h5 22. 0-0 c4 23. h3 Qc7 24. f4 f6 25. Bf3 Rc8 26. Bd4 Rh6 27. Kh1 Kg8 28. Rf2 Bd6 29. f5 Bf7 30. Be3 Rh8 31. Rfd2 Bc5 32. Rd7 Qe5 33. Bxc5 Qxc5 34. Qc1 Be8 35. R1d5 Bxd7 36. Rxc5 Rxc5 37. Qd1 Be8 38. Qd6 Re5 39. Qxa6 Kh7 40. Qd6 Bf7 41. Qd1 g6 42. a4 bxa4 43. Qxa4 g5 44. Qc6 Kg7 45. Kh2 Rhe8 46. Kg3 h4+ 47. Kh2 R8e7 48. Kh1 Ra7 49. Kh2 Ree7 50. Qc5 Rac7 51. Qe3 Be8 52. Qb6 Rb7 53. Qd6 Re5 54. Qd4 Bf7 55. Be2 Reb5 56. Bxc4 Bxc4 57. Qxc4 Re5 58. Qe2 Kh6 59. Qa6 Rf7 60. Qc6 Kg7 61. Qc4 Rfe7 62. Qe2 Rxf5 63. b4 Rfe5 64. b5 Rb7 65. Qc4 Rexb5 66. Qc6 R5b6 67. Qe8 Rb5 68. Qc6 Kf7 69. e5 fxe5 70. Qh6 e4 71. Qh7+ Kf6 72. Qxe4 R7b6 73. Qe8 Rb8 74. Qc6+ 1/2-1/2

[Event "Golden Cleopatra op 7th"]
[Site "Cairo"]
[Date "2003.06.09"]
[Round "8"]
[White "Farahat, Ali"]
[Black "Naby, Saiid A"]
[Result "1/2-1/2"]
[WhiteElo "2350"]
[BlackElo "2303"]
[PlyCount "119"]
[EventDate "2003.06.03"]
[EventType "swiss"]
[EventRounds "10"]
[EventCountry "EGY"]
[SourceTitle "CBM 094 Extra"]
[Source "ChessBase"]
[SourceDate "2003.07.09"]
[SourceVersion "2"]
[SourceVersionDate "2003.07.09"]
[SourceQuality "1"]

1. e4 e5 2. Nf3 Nc6 3. Bc4 Bc5 4. c3 Qe7 5. 0-0 d6 6. d4 Bb6 7. d5 Nb8 8. Bd3 Bg4 9. Nbd2 c6 10. Nc4 cxd5 11. Nxb6 axb6 12. exd5 Nf6 13. h3 Bh5 14. Be2 0-0 15. c4 Nbd7 16. Re1 Ne8 17. Nxe5 dxe5 18. Bxh5 Nd6 19. Be2 f5 20. a4 Qh4 21. Bf1 Rf6 22. g3 Rg6 23. Kh2 Qf6 24. Ra3 Rc8 25. Rc3 Ne4 26. Rxe4 fxe4 27. Be3 Qf5 28. b4 h5 29. c5 Nf6 30. Be2 Rh6 31. Kg2 Rh8 32. a5 bxc5 33. bxc5 Kh7 34. a6 bxa6 35. d6 Rc6 36. g4 hxg4 37. hxg4 Qe6 38. Bc4 Qc8 39. Be2 Kg6 40. f3 exf3+ 41. Bxf3 e4 42. Be2 Qe6 43. Bg1 Qe5 44. Qd4 Rh2+ 45. Kf1 Qf4+ 46. Ke1 Rg2 47. Be3 Rxe2+ 48. Kxe2 Qxg4+ 49. Ke1 Qf5 50. Bg1 Kf7 51. Rb3 Nd7 52. Rb7 Kg6 53. Rc7 Ne5 54. Kd1 Qf1+ 55. Kc2 Qe2+ 56. Qd2 Qc4+ 57. Qc3 Qe2+ 58. Qd2 Qc4+ 59. Qc3 Qe2+ 60. Qd2 1/2-1/2

[Event "Golden Cleopatra op 7th"]
[Site "Cairo"]
[Date "2003.06.02"]
[Round "2"]
[White "El Gindy, Essam"]
[Black "Naby, Saiid A"]
[Result "1-0"]
[WhiteElo "2473"]
[BlackElo "2303"]
[PlyCount "69"]
[EventDate "2003.06.03"]
[EventType "swiss"]
[EventRounds "10"]
[EventCountry "EGY"]
[SourceTitle "CBM 094 Extra"]
[Source "ChessBase"]
[SourceDate "2003.07.09"]
[SourceVersion "2"]
[SourceVersionDate "2003.07.09"]
[SourceQuality "1"]

1. d4 d5 2. c4 c6 3. e3 Nf6 4. Nc3 g6 5. Nf3 Bg7 6. Be2 0-0 7. 0-0 Nbd7 8. b3 h6 9. Bb2 b6 10. cxd5 cxd5 11. Rc1 a6 12. Ne5 Bb7 13. Na4 Rc8 14. Ba3 Rxc1 15. Qxc1 Nxe5 16. dxe5 Nd7 17. f4 Re8 18. Qc2 b5 19. Nc5 Nxc5 20. Bxc5 e6 21. Rc1 Qd7 22. Qd2 Rc8 23. Kf2 f6 24. exf6 Bxf6 25. Bd4 Rxc1 26. Qxc1 e5 27. fxe5 Qf5+ 28. Bf3 Bxe5 29. Qc5 Bxh2 30. g3 Qb1 31. Bxd5+ Bxd5 32. Qxd5+ Kf8 33. Qd8+ Kf7 34. Qd7+ Kf8 35. Bc5+ 1-0

[Event "Tanta op 5th"]
[Site "Tanta"]
[Date "2002.05.14"]
[Round "2"]
[White "Naby, Saiid A"]
[Black "Kengis, Edvins"]
[Result "0-1"]
[WhiteElo "2266"]
[BlackElo "2577"]
[PlyCount "64"]
[EventDate "2002.05.13"]
[EventType "swiss"]
[EventRounds "9"]
[EventCountry "EGY"]
[SourceTitle "CBM 088 Extra"]
[Source "ChessBase"]
[SourceDate "2002.07.01"]
[SourceVersion "2"]
[SourceVersionDate "2002.07.01"]
[SourceQuality "1"]

1. e4 c5 2. Nf3 e6 3. d4 cxd4 4. Nxd4 a6 5. Nc3 b5 6. Bd3 Qb6 7. Be3 Bc5 8. Be2 Nc6 9. Nxc6 dxc6 10. Bxc5 Qxc5 11. 0-0 Nf6 12. Bd3 e5 13. a4 Bg4 14. Qd2 0-0 15. Nd1 Rfd8 16. Qe3 Nd7 17. f3 Be6 18. Kf2 Qb4 19. c3 Qe7 20. b4 Bb3 21. Nb2 bxa4 22. Nxa4 a5 23. Rfb1 Bxa4 24. Rxa4 axb4 25. Raxb4 Nc5 26. Bc4 g6 27. Rb6 Qd6 28. Bd5 Rac8 29. Rd1 Qe7 30. Bb3 Nxb3 31. Rxd8+ Rxd8 32. Rxb3 Qh4+ 0-1